Conexión de tres políticas : (Record no. 95548)

MARC details
000 -LEADER
campo de control de longitud fija 00825nam a2200181 i 4500
001 - NÚMERO DE CONTROL
campo de control 95548
003 - IDENTIFICADOR DE NÚMERO DE CONTROL
campo de control ES-MaACL
005 - FECHA Y HORA DE LA ÚLTIMA TRANSACCIÓN
campo de control 20230906181729.0
007 - CAMPO FIJO DE DESCRIPCIÓN FÍSICA--INFORMACIÓN GENERAL
campo de control de longitud fija t|
008 - DATOS DE LONGITUD FIJA--INFORMACIÓN GENERAL
campo de control de longitud fija 050531s1951 sp ||||1| spa d
100 1# - ENTRADA PRINCIPAL--NOMBRE DE PERSONA
Nombre de persona Lleó Silvestre, Antonio.
9 (RLIN) 72756
245 10 - MENCIÓN DEL TÍTULO
Título Conexión de tres políticas :
Resto del título seguridad social y educación primaria /
Mención de responsabilidad, etc. ponencia presentada por D. Antonio Lleo Silvestre ... al Primer Congreso Iberoamericano de Seguridad Social, celebrado en Madrid durante los días 23 de mayo al 3 de junio de 1951.
260 ## - PUBLICACIÓN, DISTRIBUCIÓN, ETC.
Lugar de publicación, distribución, etc. Madrid :
Nombre del editor, distribuidor, etc. Comisión Nacional de Mutualidades y Cotos Escolares de Previsión,
Fecha de publicación, distribución, etc. 1951.
300 ## - DESCRIPCIÓN FÍSICA
Extensión 28 p. ;
Dimensiones 21 cm.
650 #4 - PUNTO DE ACCESO ADICIONAL DE MATERIA--TÉRMINO DE MATERIA
Término de materia o nombre geográfico como elemento de entrada Cotos escolares.
9 (RLIN) 163888
711 04 - ENTRADA AGREGADA--NOMBRE DE REUNIÓN
Nombre de congreso/reunión o jurisdicción como elemento de entrada Congreso Iberoamericano de Seguridad Social (
Número del congreso/reunión o número de parte o sección 1º.
Fecha del congreso o de la firma del tratado 1951.
Sede del congreso/Lugar de la reunión Madrid)
9 (RLIN) 395
852 ## - LOCALIZACIÓN
Ubicación ES-MaACL
Número de control de estantería 1931-F-2
Sublocalización o colección R.31783
Holdings
Estatus retirado Estado de pérdida Estado de daño No para préstamo Colección Biblioteca de origen Biblioteca actual Ubicación en estantería Fecha de adquisición Fuente de adquisición Total de préstamos Signatura topográfica completa Código de barras Visto por última vez Precio de reemplazo Tipo de ítem Koha
        Colección de folletos Biblioteca del Ateneo de Madrid Biblioteca del Ateneo de Madrid Depósito folletos 17/01/2008     1931-F-2 1099770 23/02/2023 23/02/2023 Folleto